Are EC-Japan-US trade relations at the crossroads?
Kritická fáza v rokovaniach Uruguajského kola GATT. Výsledok závisí od stanovísk USA, ES a Japonska. Rozbor súčasných obchodných vzťahov medzi týmito krajinami, hlavné sporné otázky. Úvahy o ďalšom vývoji vo svetovom obchode, kde by aktívna účasť týchto zoskupení v svetových obchodných a finančných...
Na minha lista:
| Autor principal: | |
|---|---|
| Formato: | Capítulo de Livro |
| Idioma: | inglês |
| Assuntos: | |
| Tags: |
Sem tags, seja o primeiro a adicionar uma tag!
|
MARC
| LEADER | 00000naa a2200000 4500 | ||
|---|---|---|---|
| 001 | r001392 | ||
| 005 | 20220909073820.1 | ||
| 041 | 0 | |a eng | |
| 044 | |a DE | ||
| 245 | 1 | 0 | |a Are EC-Japan-US trade relations at the crossroads? |c R. Sinha |
| 520 | |a Kritická fáza v rokovaniach Uruguajského kola GATT. Výsledok závisí od stanovísk USA, ES a Japonska. Rozbor súčasných obchodných vzťahov medzi týmito krajinami, hlavné sporné otázky. Úvahy o ďalšom vývoji vo svetovom obchode, kde by aktívna účasť týchto zoskupení v svetových obchodných a finančných organizáciách mala prevládnuť nad snahami o regionálne presadenie. | ||
| 610 | 2 | 0 | |a Európske spoločenstvá |
| 610 | 2 | 0 | |a USA |
| 610 | 2 | 0 | |a Japonsko |
| 610 | 2 | 0 | |a obchod medzinárodný |
| 610 | 2 | 0 | |a údaje štatistické |
| 610 | 2 | 0 | |a 1978-1989 |
| 610 | 2 | 0 | |a politika zahraničnoobchodná |
| 100 | 1 | |a Sinha, R. | |